Pablo Casals by Junyer
Descripción Física:
targeta : il·lustració en blanc i negre ; 15 x 11 cm
Idioma:
Catalán , English
MARC
| LEADER | 00000nkm a2200000 a 4500 | ||
|---|---|---|---|
| 001 | 29192 | ||
| 003 | AGDB | ||
| 005 | 20260324181542.0 | ||
| 008 | 251224b spa||||| |||| 00| 0 cat d | ||
| 040 | |a agdb |b cat | ||
| 041 | |a eng | ||
| 100 | |a Junyer, Joan, |d 1904-1994 |9 53028 | ||
| 245 | |a Pablo Casals by Junyer |h (postal) | ||
| 260 | |a [New York] : |b [s.n.], |c [s.a.] | ||
| 300 | |a targeta : |b il·lustració en blanc i negre ; |c 15 x 11 cm | ||
| 380 | |a Targeta postal | ||
| 500 | |a Prové del fons Joan Junyer i Pascual (1909-1994) | ||
| 500 | |a Reproducció d'una obra de Joan Junyer signada: Junyer 50 | ||
| 500 | |a Al verso: Ars First Editions, New York | ||
| 500 | |a 3 exemplars idèntics | ||
| 650 | |a Fons Joan Junyer i Pascual (1909-1994) |9 72777 | ||
| 655 | 0 | |a Targetes postals |9 52685 | |
| 942 | |2 udc |c ARXIU |n 1 | ||
| 952 | |0 0 |1 0 |2 udc |4 0 |6 F504284 |7 1 |9 98873 |a Arxiu |b Arxiu |d 2025-12-24 |l 0 |o F-504-284 |p 29192 |r 2025-12-24 11:15:31 |w 2025-12-24 |y ARXIU |z 3 exemplars idèntics | ||
| 999 | |c 130541 |d 130541 | ||